Тройные неприятности: роман
| Autor Principal: | |
|---|---|
| Summary: | Как известно, беда одна не приходит. И три подруги — Ира, Жанна и Катерина — на собственном опыте убеждаются в справедливости этой пословицы. Сначала в аэропорту Катерина случайно взяла вместо своего чемодана чужой, потом забыла в такси сумку. А когда приехала к водителю, чтобы спросить о пропаже, обнаружила, что он убит!Это, возможно, еще сойдет за печальное совпадение. Но когда в квартире Иры кто-то устраивает обыск, подруги понимают: на них объявлена настоящая охота. Полагая, что все дело в злополучном чемодане, подруги начинают искать его владельца. Поиски приводят их ночной клуб, в котором творятся подозрительные вещи... |
| Idioma: | ruso |
| Publicado: |
Москва, АСТ, 2009
|
| Subjects: | |
| Formato: | MixedMaterials Libro |
| KOHA link: | https://koha.lib.tpu.ru/cgi-bin/koha/opac-detail.pl?biblionumber=168629 |
MARC
| LEADER | 00000nam0a2200000 4500 | ||
|---|---|---|---|
| 001 | 168629 | ||
| 005 | 20231031163148.0 | ||
| 010 | |a 9785170554232 | ||
| 035 | |a (RuTPU)RU\TPU\book\182945 | ||
| 090 | |a 168629 | ||
| 100 | |a 20091029d2009 m y0rusy50 ca | ||
| 101 | 0 | |a rus | |
| 102 | |a RU | ||
| 105 | |a y z 000ay | ||
| 200 | 1 | |a Тройные неприятности |e роман |f Н. Александрова | |
| 210 | |a Москва |c АСТ |c АСТ Москва |d 2009 | ||
| 215 | |a 317 с. | ||
| 330 | |a Как известно, беда одна не приходит. И три подруги — Ира, Жанна и Катерина — на собственном опыте убеждаются в справедливости этой пословицы. Сначала в аэропорту Катерина случайно взяла вместо своего чемодана чужой, потом забыла в такси сумку. А когда приехала к водителю, чтобы спросить о пропаже, обнаружила, что он убит!Это, возможно, еще сойдет за печальное совпадение. Но когда в квартире Иры кто-то устраивает обыск, подруги понимают: на них объявлена настоящая охота. Полагая, что все дело в злополучном чемодане, подруги начинают искать его владельца. Поиски приводят их ночной клуб, в котором творятся подозрительные вещи... | ||
| 610 | 1 | |a русская литература | |
| 610 | 1 | |a романы | |
| 610 | 1 | |a детективы | |
| 675 | |a Р2 |v 3 | ||
| 700 | 1 | |a Александрова |b Н. |g Наталья | |
| 801 | 1 | |a RU |b 63413507 |c 20091029 | |
| 801 | 2 | |a RU |b 63413507 |c 20091111 |g RCR | |
| 942 | |c BK | ||